| 000 | 00572nam a22001817a 4500 | ||
|---|---|---|---|
| 999 |
_c3319 _d3319 |
||
| 003 | OSt | ||
| 005 | 20181108155132.0 | ||
| 008 | 181108b ||||| |||| 00| 0 eng d | ||
| 040 | _cDLC | ||
| 082 |
_a262.1 _bD999E |
||
| 100 | _aD' Souza, Anthony | ||
| 245 |
_aEmpowered Leadership: _bYour Personal Guide To Self Empowerment / _cBy Anthony D ' Souza. |
||
| 260 |
_aUSA : _bHaggi Institute for Advanced Leadership Camp, _cc2001. |
||
| 300 | _a234 p.: | ||
| 630 | _aLeadership | ||
| 650 |
_aLeadership--Religious aspects--Christianity _xChristian leadership |
||
| 942 |
_2ddc _cBK |
||